000
00228nam a2200097Ia 4500
008
120527s9999 xx 000 0 und d
100
_a
BLANK,Denholm.
245
_a
Mathematics structure and skills.
260
_b
SRA
942
_c
BK
999
_c
23884
_d
23884